Edició del Cercle de Comparació Intermunicipal d'OMICs : resultats any 2012 resultats any 2012
Descripción Física:
95 p. : il. col. , gràfics, quadres, taules ; 29 cm
MARC
| LEADER | 00000nam a2200000Ia 4500 | ||
|---|---|---|---|
| 001 | 24101 | ||
| 008 | 160829s9999 xx 000 0 cat d | ||
| 080 | |a Bib-157 | ||
| 245 | |a Edició del Cercle de Comparació Intermunicipal d'OMICs : |b resultats any 2012 | ||
| 250 | |a 2a ed. | ||
| 260 | |a Barcelona : |b Diputació de Barcelona. Àrea de Salut Pública i Consum. Gerència de Serveis de Salut Pública i Consum. Servei de Suport a les Polítiques de Consum : |b Diputació de Barcelona. Àrea d'Hisenda, Recursos Interns i Noves Tecnologies. Direcció de Serv | ||
| 300 | |a 95 p. : |b il. col. , gràfics, quadres, taules ; |c 29 cm | ||
| 650 | |a Serveis d'informació local |x Barcelona (Província) |x Estadístiques |9 49241 | ||
| 710 | |a Barcelona (Catalunya : Província). |b Servei de Programació |9 53631 | ||
| 710 | 1 | |a Barcelona (Catalunya : Província). |b Servei de Suport a les Polítiques de Consum |9 52739 | |
| 901 | |a Arxiu | ||
| 942 | |n 1 | ||
| 952 | |0 0 |1 0 |4 0 |6 BIB157 |7 1 |9 55223 |a Arxiu |b Arxiu |d 2016-12-01 |l 0 |o Bib-157 |p 24101 |r 2016-12-01 00:00:00 |w 2016-12-01 |y ARXIU | ||
| 999 | |c 59095 |d 59095 | ||